000 00782nam a2200205 a 4500
008 120416s1999 ||||||||||||||||| || u
020 _a0750641444
050 _aHF 5657.4 Adl
100 _aAdler, William Ralph
245 1 0 _aManagement accounting
246 _amaking it world class
260 _aOxford
_bButterworth-Heinemann
_c1999
300 _axii, 196 p. : ill.
350 _a0.00
650 0 _aACCOUNTING--HANDBOOKS, MANUALS, ETC
650 0 _aMANAGERIAL ACCOUNTING
856 _uhttp://www.loc.gov/catdir/toc/els033/99203178.html
856 _uhttp://www.loc.gov/catdir/description/els033/99203178.html
995 _D0.00
_FCBU-MAIN LIBRARY (Kitwe)
_H1
_I11.99
_M1
_UAVAILABLE
_ZMain Library Open Access Collection
999 _c49851
_d49851